000 01619nam a22002657a 4500
999 _c59650
_d59650
003 Ge_BSU
005 20230329111747.0
008 230329s2011 ge ||||| |||| 00| 0 geo d
020 _a9789941040085
041 _ageo
080 _a364-43(479.22)(075.8) ს-74
245 _aსოციალური მუშაობის მეთოდები დაუცველ ჯგუფებთან :
_bპრაქტ. სახელმძღვ. /
_c[ავტ.: შორენა საძაგლიშვილი, ია შეყრილაძე, ნინო შატბერაშვილი [და სხვ.] ; საქ. სოციალ. მუშაკთა ასოციაცია].
264 _a[თბილისი],
_c2011.
300 _a213 გვ. ;
_b24 სმ.
504 _aბიბლიოგრ. თავების ბოლოს.
653 _aსოციალური მუშაობა.
653 _aოჯახური ურთიერთობები
700 _aსაძაგლიშვილი, შორენა
_eავტორი
_917307
700 _aშეყრილაძე, ია
_eავტორი
_916497
700 _aშატბერაშვილი, ნინო
_eავტორი
_917309
700 _aმგელიაშვილი, მაია
_eავტორი
_917311
700 _aნამიჭეიშვილი, სალომე
_eავტორი
_917313
710 _aსაქ. სოციალ. მუშაკთა ასოციაცია.
_917314
942 _2udc
_cBK